Provincias de Argentina - Muerte Subita! - Estadísticas

Estadísticas generales
  • Esta prueba ha sido intentada 49 veces
    18 desde el último reinicio
  • La puntuación promedio es 15 de 21
Answers on the Grid
Answers color-coded by a green-red scale on the quiz's grid according to % correct below.
Alto Perú
Buenos Aires
Catamarca
Chaco
Chubut
Ciudad Autónoma
Comodoro Rivadavia
Cordoba
Corrientes
Entre Rios
Eva Perón
Formosa
Islas Georgia y Sandwich
Islas Malvinas
Jujuy
La Pampa
La Rioja
Lanús
Mendoza
Merlo
Misiones
Neuquén
Olavarria
Paraná
Rio Negro
Rusia
Salta
San Borombón
San Juan
San Pedro
Santa Cruz
Santa Fe
Santa Teresa del Tuyú
Santiago del Estero
Tierra del Fuego
Guadalajara
Uruguay
Valencia
Virgen de Luján
Wisconsin
 
Estadísticas de respuestas
Respuesta % Correcto
Cordoba
92%
Mendoza
92%
Misiones
92%
Buenos Aires
83%
Entre Rios
83%
Chubut
75%
Corrientes
75%
La Pampa
75%
Neuquén
75%
San Juan
75%
Formosa
67%
La Rioja
67%
Rio Negro
67%
Salta
67%
Santa Cruz
67%
Santa Fe
67%
Santiago del Estero
67%
Tierra del Fuego
67%
Catamarca
58%
Jujuy
58%
Chaco
50%
No se encontraron pruebas coincidentes
Distribución de puntuación
Porcentaje de gente con cada puntuación
Porcentaje por número respondido
Historial de tus puntuaciones
No has intentado esta prueba desde el último reinicio